Guanentá- Alto Río Fonce Fauna and Flora Sanctuary: a new protected area in the Colombian east Andes (Registro nro. 10768)

Detalles MARC
000 -CABECERA
Campo de control 006060000a22001690004500
090 ## - CLASIFICACIÓN LOCAL
Colección AR
Consecutivo 01688
041 0# - IDIOMA
Código de idioma para texto/pista de sonido o título separado
100 1# - ASIENTO PRINCIPAL--NOMBRE PERSONAL
Nombre personal Andrade Pérez, Germán Ignacio
245 10 - MENCION DE TITULO
Título Guanentá- Alto Río Fonce Fauna and Flora Sanctuary: a new protected area in the Colombian east Andes
650 14 - ASIENTO SECUNDARIO DE MATERIA - TERMINO TEMATICO
Término temático o nombre geográfico como elemento de entrada Areas protegidas
650 14 - ASIENTO SECUNDARIO DE MATERIA - TERMINO TEMATICO
Término temático o nombre geográfico como elemento de entrada Fauna
650 14 - ASIENTO SECUNDARIO DE MATERIA - TERMINO TEMATICO
Término temático o nombre geográfico como elemento de entrada Flora
651 #4 - ASIENTO SECUNDARIO DE MATERIA - NOMBRE GEOGRAFICO
-- Santuario de Fauna y Flora Guanetá - Alto río Fonce
-- Colombia
700 1# - ASIENTO SECUNDARIO - NOMBRE PERSONAL
Nombre personal Repizzo, Augusto
773 1# - Item fuente:
Título Cotinga: Journal of the Neotropical Bird Club
Especificación de materiales 91
Descripción física 2
Paginas del Articulo 42-44
Lugar, editorial y fecha de publicación 1990?
942 ## - ELEMENTOS ADICIONALES (KOHA)
Tipo de ítem Artículo
Existencias
Withdrawn status Lost status Damaged status No para préstamo Colección Ubicación Permanente Ubicación actual Fecha de adquisición Datos de publicación Seriada Total Checkouts Número topográfico Inventario / Código de Barras Date last seen Ejemplar Price effective from Forma de adquisición Tipo de material
      No para Préstamo Hemeroteca Bogotá Bogotá 27/02/2015 Fuera de circulación   AR 01688 012053 25/03/2015 1 25/03/2015   Artículo